Normal view
MARC view
- BIJU K. VARGHESE
Entry Personal Name
001 - CONTROL NUMBER
- control field: 3811
003 - CONTROL NUMBER IDENTIFIER
- control field: OSt
005 - DATE AND TIME OF LATEST TRANSACTION
- control field: 20181030110018.0
008 - FIXED-LENGTH DATA ELEMENTS
- fixed length control field: 181030|| aca||aabn | a|a d
040 ## - CATALOGING SOURCE
- Original cataloging agency: OSt
- Transcribing agency: OSt
100 ## - HEADING--PERSONAL NAME
- Personal name: BIJU K. VARGHESE
670 ## - SOURCE DATA FOUND
- Source citation: Work cat.: (OSt)14929: BIJU K. VARGHESE RAJIV ARAVINDAN REMA P.P, Design, modification and performance evaluation of self propelled bush cutter
